000
00274nam a2200121 a 4500
005
20141022142006.0
008
080922s19uu xx 00 eng d
050
_a
VCD
_b
M41 2003
245
_a
The matrix: Reloaded.
650
_a
VCD.
650
_a
Reloaded.
942
_c
AVM
999
_c
276494
_d
276494